All the African Island Countries - Statistics

General Stats
  • This quiz has been taken 72 times
  • The average score is 6 of 6
Answer Stats
Countries % Correct
Seychelles
98%
Cape Verde
97%
Comoros
97%
Mauritius
97%
Madagascar
94%
Sao Tome and Principe
92%
No matching quizzes found
Score Distribution
Percent of People with Each Score
Percentile by Number Answered
Your Score History
You have not taken this quiz